Системы автоматизированного проектирования AutoCAD 2004, ArchiCAD 8.0, Planix Home 3D Architect 4.0. Основы строительства, архитектуры и машиностроения на ПК

書誌詳細
第一著者: Фелистов Э. М. Эдуард Михайлович
要約:Книга предназначена для пользователей систем автоматизированного проектирования AutoCAD 2004, ArchiCAD 8.0, Planix Home 3D Architect 4.0. В книге даны основы строительства, архитектуры и машиностроения (от видов архитектурной композиции до огнестойкости зданий и сооружений). Подробно объясняются принципы работы с каждой из программ. Приведены разделы «Тонкости и хитрости», содержащие недокументированные возможности программ AutoCAD 2004 и ArchiCAD 8.0. Книга проиллюстрирована многочисленными примерами. В приложениях дается словарь архитектурных терминов и сравнительный обзор различных систем автоматизированного проектирования (САПР).
言語:ロシア語
出版事項: Москва, Новый издательский дом, 2004
主題:
フォーマット: 図書
KOHA link:https://koha.lib.tpu.ru/cgi-bin/koha/opac-detail.pl?biblionumber=82393

MARC

LEADER 00000nam0a2200000 4500
001 82393
005 20231031095707.0
010 |a 5964300456 
035 |a (RuTPU)RU\TPU\book\88540 
090 |a 82393 
100 |a 20051003d2004 km y0rusy50 ca 
101 0 |a rus 
102 |a RU 
105 |a a z 001zy 
200 1 |a Системы автоматизированного проектирования AutoCAD 2004, ArchiCAD 8.0, Planix Home 3D Architect 4.0. Основы строительства, архитектуры и машиностроения на ПК  |f Э. М. Фелистов 
210 |a Москва  |c Новый издательский дом  |d 2004 
215 |a 704 с.  |c ил. 
320 |a Словарь терминов: с. 663-698. 
320 |a Библиография: с. 699. 
330 |a Книга предназначена для пользователей систем автоматизированного проектирования AutoCAD 2004, ArchiCAD 8.0, Planix Home 3D Architect 4.0. В книге даны основы строительства, архитектуры и машиностроения (от видов архитектурной композиции до огнестойкости зданий и сооружений). Подробно объясняются принципы работы с каждой из программ. Приведены разделы «Тонкости и хитрости», содержащие недокументированные возможности программ AutoCAD 2004 и ArchiCAD 8.0. Книга проиллюстрирована многочисленными примерами. В приложениях дается словарь архитектурных терминов и сравнительный обзор различных систем автоматизированного проектирования (САПР). 
610 1 |a персональные компьютеры 
610 1 |a автоматизированное проектирование 
610 1 |a архитектура 
610 1 |a строительство 
610 1 |a машиностроение 
610 1 |a программы 
610 1 |a AutoCAD 
610 1 |a Planix Home 3D Architect 
610 1 |a ArchiCAD 
610 1 |a Plot Maker 
610 1 |a развитие 
610 1 |a возможности 
675 |a 681.327.1  |v 3 
700 1 |a Фелистов  |b Э. М.  |g Эдуард Михайлович 
801 1 |a RU  |b 63413507  |c 20051003  |g PSBO 
801 2 |a RU  |b 63413507  |c 20100219  |g PSBO 
942 |c BK